MARC

LEADER 00000nam0a2200000 4500
001 286884
005 20231101235933.0
035 |a (RuTPU)RU\TPU\book\311239 
090 |a 286884 
100 |a 20150311d1976 m y0rusy50 ca 
101 0 |a rus 
102 |a RU 
105 |a a j 001zy 
200 1 |a Теоретические основы и методы поисков и разведки залежей нефти и газа  |e учебное пособие  |f М. Я. Рудкевич, В. Н. Черноморский  |g Тюменский государственный университет (ТюмГУ) ; Тюменский индустриальный институт (ТюмИИ) 
210 |a Тюмень  |c Изд-во Тюменского ГУ  |d 1976 
215 |a 99 с.  |c ил. 
320 |a Библиогр.: с. 96-97. 
606 1 |a Нефтегазоносность  |x Поиски и разведка  |2 stltpush  |3 (RuTPU)RU\TPU\subj\45612  |9 64805 
610 1 |a нефтяные залежи 
610 1 |a газовые залежи 
610 1 |a теория 
610 1 |a пространственное размещение 
610 1 |a поисковые работы 
610 1 |a промыслово-геофизические исследования 
610 1 |a обработка 
610 1 |a результаты 
610 1 |a учебные пособия 
675 |a 553.98:550.8(075.8)  |v 3 
700 1 |a Рудкевич  |b М. Я.  |g Макс Яковлевич 
701 1 |a Черноморский  |b В. Н. 
712 0 2 |a Тюменский государственный университет (ТюмГУ)  |2 stltpush  |3 (RuTPU)RU\TPU\col\4661 
712 0 2 |a Тюменский индустриальный институт (ТюмИИ)  |c (1963-1994)  |2 stltpush  |3 (RuTPU)RU\TPU\col\6066 
801 1 |a RU  |b 63413507  |c 20150311 
801 2 |a RU  |b 63413507  |c 20190120  |g RCR 
942 |c BK